[Event "Titled Tue 10th Jun Early"]
[Site "chess.com INT"]
[Date "2025.06.10"]
[Round "4"]
[White "Kis, Lorand Bela"]
[Black "Tao, Sihan"]
[Result "0-1"]
[BlackTitle "FM"]
[WhiteElo "1955"]
[BlackElo "2202"]
[WhiteFideId "2024098"]
[BlackFideId "30982677"]
[EventDate "2025.06.10"]

1. d4 b5 2. a4 b4 3. c4 bxc3 4. bxc3 Bb7 5. Nd2 Nf6 6. Ngf3 d6 7. Rb1 Bc6 8. c4
e6 9. g3 Ne4 10. Qc2 Nxd2 11. Bxd2 Nd7 12. e4 Rb8 13. Rxb8 Qxb8 14. d5 Ba8 15.
Bh3 Nc5 16. O-O Be7 17. Rb1 Qd8 18. Be3 exd5 19. exd5 O-O 20. Nd4 Bf6 21. a5 Re8
22. Bg2 g6 23. Nc6 Bxc6 24. dxc6 Kg7 25. Bd5 h5 26. h4 a6 27. Rb7 Nxb7 28. cxb7
Qd7 29. Ba7 c6 0-1

[Event "Titled Tue 10th Jun Early"]
[Site "chess.com INT"]
[Date "2025.06.10"]
[Round "4"]
[White "Murthy, Pappu"]
[Black "Moinzai, Khushal"]
[Result "0-1"]
[BlackTitle "FM"]
[WhiteElo "1838"]
[BlackElo "1894"]
[WhiteFideId "2013401"]
[BlackFideId "11701200"]
[EventDate "2025.06.10"]

1. e4 g6 2. d4 Bg7 3. Nc3 c5 4. d5 d6 5. h3 Nf6 6. Nf3 O-O 7. Be2 b5 8. e5 dxe5
9. Nxb5 e4 10. Nd2 e3 11. fxe3 Nxd5 12. Nc4 a6 13. Nba3 Nc6 14. c3 Be6 15. O-O
Qc7 16. e4 Nf6 17. Bf4 Qb7 18. Qc2 Rac8 19. Bf3 Nd7 20. Rad1 Nde5 21. Nxe5 Nxe5
22. Be2 c4 23. Kh2 Nd3 0-1

[Event "Titled Tue 10th Jun Early"]
[Site "chess.com INT"]
[Date "2025.06.10"]
[Round "4"]
[White "Niemann, Hans Moke"]
[Black "Iniyan, Pa"]
[Result "1-0"]
[WhiteTitle "GM"]
[BlackTitle "GM"]
[WhiteElo "2736"]
[BlackElo "2573"]
[WhiteFideId "2093596"]
[BlackFideId "25002767"]
[EventDate "2025.06.10"]

1. e4 c5 2. Nf3 d6 3. Bb5+ Nd7 4. Ba4 g6 5. O-O Bg7 6. c3 Nf6 7. Re1 O-O 8. d4
e5 9. dxe5 Nxe5 10. Nxe5 dxe5 11. Qxd8 Rxd8 12. f3 Bd7 13. Bc2 Be6 14. Be3 b6
15. a4 Ne8 16. Na3 Nd6 17. Bd3 Rd7 18. Bf1 f5 19. exf5 gxf5 20. Bf2 Bf7 21. Bg3
Re8 22. Rad1 f4 23. Bf2 Ree7 24. Bh4 Re6 25. Nc4 Be8 26. g3 Nf5 27. Bh3 Rxd1 28.
Rxd1 Bg6 29. Rd8+ Bf8 30. Bg5 Kf7 31. Rd7+ Ke8 32. Rxa7 h6 33. Bh4 e4 34. gxf4
exf3 35. Ne5 c4 36. Ra8# 1-0

[Event "Titled Tue 10th Jun Early"]
[Site "chess.com INT"]
[Date "2025.06.10"]
[Round "4"]
[White "Dambaev, Dashi"]
[Black "Fernandes, Rogerio Paulo Muller"]
[Result "1-0"]
[WhiteTitle "CM"]
[WhiteElo "2211"]
[BlackElo "2241"]
[WhiteFideId "55628494"]
[BlackFideId "2101599"]
[EventDate "2025.06.10"]

1. d4 Nf6 2. c4 c5 3. d5 b5 4. cxb5 a6 5. bxa6 Bxa6 6. Nc3 g6 7. e4 Bxf1 8. Kxf1
d6 9. g3 Bg7 10. Nf3 O-O 11. Kg2 Nbd7 12. a4 Ra6 13. Qe2 Qa8 14. Rd1 Ng4 15. Ra3
Nge5 16. Nd2 Nb6 17. b3 Nec4 18. bxc4 Nxa4 19. Nb5 Qb7 20. Nf3 Rfa8 21. Bg5 h6
22. Bf4 Nb6 23. Rxa6 Rxa6 24. e5 Nc8 25. exd6 Nxd6 26. Bxd6 exd6 27. Qe8+ Kh7
28. Rd2 Bf6 29. Re2 Kg7 30. h4 Ra8 31. Qc6 Qxc6 32. dxc6 Rc8 33. c7 Kf8 34. Nxd6
Rxc7 35. Re8+ Kg7 36. Rc8 Rd7 37. Ne8+ 1-0

[Event "Titled Tue 10th Jun Early"]
[Site "chess.com INT"]
[Date "2025.06.10"]
[Round "4"]
[White "Ilamparthi, A R"]
[Black "Lai, Duc Minh"]
[Result "1-0"]
[WhiteTitle "IM"]
[WhiteElo "2490"]
[BlackElo "2072"]
[WhiteFideId "45015775"]
[BlackFideId "12420387"]
[EventDate "2025.06.10"]

1. e4 c5 2. b4 cxb4 3. a3 d5 4. exd5 Qxd5 5. Nf3 e5 6. c4 Qe6 7. Bd3 e4 8. O-O
Qf6 9. Bxe4 Qxa1 10. Re1 Be7 11. Qb3 Qf6 12. Bb2 Qh6 13. Nd4 Nf6 14. Bxb7 Bxb7
15. Rxe7+ Kxe7 16. Nf5+ Kd7 17. Nxh6 Re8 18. Kf1 Ne4 19. Nxf7 Nc5 20. Qh3+ Kc7
21. axb4 Ne4 22. Be5+ Kb6 23. Qe3+ Ka6 24. Qa3+ Kb6 25. Qa5+ 1-0

[Event "Titled Tue 10th Jun Early"]
[Site "chess.com INT"]
[Date "2025.06.10"]
[Round "4"]
[White "Ilinca, Felix-Antonio"]
[Black "Lloret Ramis, Juan Jose"]
[Result "1-0"]
[WhiteTitle "IM"]
[BlackTitle "FM"]
[WhiteElo "2431"]
[BlackElo "2019"]
[WhiteFideId "54764998"]
[BlackFideId "2204053"]
[EventDate "2025.06.10"]

1. e4 e6 2. Nf3 c5 3. Nc3 Nf6 4. e5 Nd5 5. Nxd5 exd5 6. d4 Nc6 7. dxc5 Bxc5 8.
Bd3 d6 9. exd6 Qxd6 10. O-O O-O 11. c3 Bg4 12. Bxh7+ Kh8 13. Bd3 d4 14. h3 Bh5
15. Be2 dxc3 16. Qxd6 Bxd6 17. bxc3 Rfe8 18. Be3 Rac8 19. Rab1 b6 20. Ba6 Rcd8
21. Bb5 Bxf3 22. gxf3 Rc8 23. Rfd1 Be5 24. Rd7 Re6 25. Rxf7 Bf6 26. f4 Bxc3 27.
Rc1 Ne7 28. Bd7 1-0

[Event "Titled Tue 10th Jun Early"]
[Site "chess.com INT"]
[Date "2025.06.10"]
[Round "4"]
[White "Serra Canals, Oriol"]
[Black "Sihite, Chelsie Monica Ignesias"]
[Result "1-0"]
[WhiteTitle "CM"]
[BlackTitle "WIM"]
[WhiteElo "2116"]
[BlackElo "2223"]
[WhiteFideId "22276084"]
[BlackFideId "7101198"]
[EventDate "2025.06.10"]

1. d4 Nf6 2. Bf4 b6 3. Nf3 Bb7 4. e3 g6 5. h3 Bg7 6. c3 d6 7. Nbd2 Nbd7 8. Bh2
O-O 9. Be2 e6 10. O-O Qe7 11. Qc2 e5 12. dxe5 dxe5 13. e4 Nh5 14. Rfe1 Nf4 15.
Bf1 g5 16. Nc4 Qf6 17. Ne3 Nxh3+ 18. gxh3 Qxf3 19. Nf5 Nc5 20. Re3 Bxe4 21. Rxf3
Bxc2 22. Re1 Bxf5 23. Rxf5 f6 24. b4 Nb7 25. Bg2 Nd6 26. Bxa8 Nxf5 27. Be4 Ne7
28. Rd1 f5 29. Rd7 Rf7 30. Bd3 Kf8 31. Bc4 Rf6 32. Rd8# 1-0

[Event "Titled Tue 10th Jun Early"]
[Site "chess.com INT"]
[Date "2025.06.10"]
[Round "4"]
[White "Vogel, Roven"]
[Black "Mattenberger, Matthias"]
[Result "1-0"]
[WhiteTitle "GM"]
[BlackTitle "FM"]
[WhiteElo "2551"]
[BlackElo "2286"]
[WhiteFideId "12908088"]
[BlackFideId "1339958"]
[EventDate "2025.06.10"]

1. Nf3 Nf6 2. d4 g6 3. c4 Bg7 4. Nc3 d5 5. cxd5 Nxd5 6. e4 Nxc3 7. bxc3 c5 8.
Be2 O-O 9. O-O Bg4 10. Be3 Nc6 11. d5 Ne5 12. Nxe5 Bxe2 13. Nxf7 Rxf7 14. Qxe2
Bxc3 15. Rac1 Bd4 16. Bxd4 cxd4 17. Qd3 Qb6 18. Rb1 Qf6 19. Rxb7 Qe5 20. g3 g5
21. Rb4 Raf8 22. Qxd4 Qc7 23. Rc4 Qd6 24. e5 Qg6 25. Rc6 Qh5 26. d6 exd6 27.
exd6 Rd8 28. Qe5 Qg6 29. Rd1 h6 30. Rdc1 Rff8 31. R1c2 Rfe8 32. Qd5+ Kh8 33. d7
Re1+ 34. Kg2 1-0

[Event "Titled Tue 10th Jun Early"]
[Site "chess.com INT"]
[Date "2025.06.10"]
[Round "4"]
[White "Sargsyan, Shant"]
[Black "Nagare Kaivalya Sandip"]
[Result "1-0"]
[WhiteTitle "GM"]
[BlackTitle "FM"]
[WhiteElo "2669"]
[BlackElo "2321"]
[WhiteFideId "13306766"]
[BlackFideId "25957929"]
[EventDate "2025.06.10"]

1. c4 e5 2. g3 Nf6 3. Bg2 Nc6 4. Nc3 Bb4 5. Nd5 Be7 6. e3 d6 7. Ne2 O-O 8. O-O
Re8 9. a3 a5 10. Nec3 h6 11. Rb1 Bf5 12. d3 Bf8 13. b4 axb4 14. axb4 Nxd5 15.
Nxd5 e4 16. b5 Nb8 17. dxe4 Bxe4 18. Bxe4 Rxe4 19. Qd3 Re8 20. Bb2 Nd7 21. Ra1
Nc5 22. Qf5 Rxa1 23. Rxa1 c6 24. Nf4 Qg5 25. Qc2 Qg4 26. Bd4 Ne4 27. bxc6 bxc6
28. Kg2 Ng5 29. Qd1 Qf5 30. h4 Ne6 31. Nxe6 Qxe6 32. Qe2 c5 33. Bc3 d5 34. cxd5
Qxd5+ 35. Qf3 Qd3 36. Be1 c4 37. Rd1 Qb3 38. Rd7 Re7 39. Rd8 Qb7 40. Qxb7 Rxb7
41. Rc8 f5 42. Rxc4 Kf7 43. h5 Bd6 44. Rc6 Ke6 45. Bc3 Kd7 46. Ra6 Bf8 47. Rg6
Ke8 48. Re6+ Kf7 49. Re5 Bd6 50. Rxf5+ Ke6 51. Ra5 1-0

[Event "Titled Tue 10th Jun Early"]
[Site "chess.com INT"]
[Date "2025.06.10"]
[Round "4"]
[White "Becking, Stephan"]
[Black "Tahmasebi, Hamidreza"]
[Result "0-1"]
[WhiteTitle "IM"]
[BlackTitle "FM"]
[WhiteElo "2410"]
[BlackElo "2298"]
[WhiteFideId "4632478"]
[BlackFideId "12537527"]
[EventDate "2025.06.10"]

1. d4 Nf6 2. Nf3 c5 3. c3 e6 4. e3 Be7 5. Bd3 O-O 6. Nbd2 b6 7. O-O Bb7 8. b3 d5
9. Bb2 Nc6 10. Qe2 Rc8 11. Rac1 Bd6 12. e4 dxe4 13. Nxe4 cxd4 14. Nxd6 Qxd6 15.
cxd4 Rfd8 16. Rfd1 Nb4 17. Rxc8 Rxc8 18. Ba3 Nfd5 19. Ne5 g6 20. Qf3 Rc7 21. Be4
a5 22. Ng4 f5 23. Bxd5 fxg4 24. Bxb4 axb4 25. Qxg4 Qxd5 26. Re1 Rc2 27. h3 Qf5
28. Qg3 Bd5 29. Rf1 Rxa2 30. Qb8+ Qf8 31. Qxb6 Bxb3 0-1

[Event "Titled Tue 10th Jun Early"]
[Site "chess.com INT"]
[Date "2025.06.10"]
[Round "4"]
[White "Goldbeck, Lars"]
[Black "Dogan, Umut Anil"]
[Result "0-1"]
[WhiteTitle "FM"]
[BlackTitle "CM"]
[WhiteElo "2391"]
[BlackElo "2060"]
[WhiteFideId "16208188"]
[BlackFideId "51618060"]
[EventDate "2025.06.10"]

1. e4 Nf6 2. Nc3 d6 3. d4 g6 4. Nf3 Bg7 5. Be2 O-O 6. O-O Nc6 7. d5 Nb8 8. a4
Nbd7 9. Be3 c6 10. a5 a6 11. Bc4 cxd5 12. exd5 b6 13. axb6 Nxb6 14. Bb3 Bb7 15.
Qd2 Qc7 16. Rfd1 Nc4 17. Bxc4 Qxc4 18. Ra4 Qc7 19. Rh4 Rfe8 20. Bh6 Bh8 21. Bg5
Bg7 22. Bh6 Bh8 23. Bg5 h5 24. Bxf6 Bxf6 25. Ra4 Rac8 26. Ne4 Qxc2 27. Qxc2 Rxc2
28. Rb4 Bxd5 29. Ne1 Bxe4 30. Nxc2 Bxc2 31. Rc1 Bf5 32. f3 a5 33. Rb5 Bd7 34.
Rxa5 Bxb2 35. Rb1 Bd4+ 36. Kh1 Bf5 37. Rd1 Bf6 38. Re1 Rc8 39. h3 Rc2 40. Kh2
Kg7 41. f4 h4 42. Kg1 e5 43. fxe5 Bxe5 44. Kh1 Bg3 45. Rb5 Bxe1 0-1

[Event "Titled Tue 10th Jun Early"]
[Site "chess.com INT"]
[Date "2025.06.10"]
[Round "4"]
[White "Sarana, Alexey"]
[Black "Komov, Roman"]
[Result "1-0"]
[WhiteTitle "GM"]
[BlackTitle "FM"]
[WhiteElo "2686"]
[BlackElo "2239"]
[WhiteFideId "24133795"]
[BlackFideId "24175714"]
[EventDate "2025.06.10"]

1. d4 d5 2. c4 e6 3. Nc3 c6 4. e3 Bd6 5. Bd3 f5 6. Nh3 Nf6 7. O-O O-O 8. f3 c5
9. cxd5 exd5 10. Nb5 Be7 11. dxc5 Bxc5 12. Nd4 Qb6 13. Kh1 Nc6 14. Nxf5 Bxf5 15.
Bxf5 Rae8 16. Nf4 Bxe3 17. Nxd5 Nxd5 18. Qxd5+ Kh8 19. Bxe3 Rxe3 20. Be4 Nd4 21.
Qh5 h6 22. Rad1 Qf6 23. Bxb7 Ne2 24. Qc5 Re5 25. Qxa7 Rf7 26. Qb8+ Kh7 27. Bd5
Rf8 28. Qb3 Kh8 29. Qc4 Rfe8 30. Be4 Nf4 31. g3 Ne6 32. Bd5 1-0

[Event "Titled Tue 10th Jun Early"]
[Site "chess.com INT"]
[Date "2025.06.10"]
[Round "4"]
[White "Sheremetev, Vladislav"]
[Black "Sturt, Raven"]
[Result "0-1"]
[WhiteTitle "CM"]
[BlackTitle "GM"]
[WhiteElo "2133"]
[BlackElo "2459"]
[WhiteFideId "54188300"]
[BlackFideId "2007304"]
[EventDate "2025.06.10"]

1. e4 e5 2. Nf3 Nc6 3. Bb5 Nd4 4. Nxd4 exd4 5. O-O c6 6. Bc4 Nf6 7. c3 Bc5 8. b4
Bb6 9. e5 d5 10. exf6 dxc4 11. fxg7 Rg8 12. Re1+ Be6 13. cxd4 Qxd4 14. Nc3 Qxf2+
15. Kh1 Rxg7 16. Re2 Qf5 17. Bb2 O-O-O 18. Nd5 Bxd5 19. Bxg7 Rg8 20. Bc3 Qh3 21.
Qf1 Bc7 22. Qg1 Bb6 23. Qf1 f5 24. Rae1 f4 25. Re8+ Rxe8 26. Rxe8+ Kd7 27. Rf8
Qg4 28. Rf6 Bxg2+ 29. Qxg2 Qd1+ 30. Qf1 Qxf1# 0-1

[Event "Titled Tue 10th Jun Early"]
[Site "chess.com INT"]
[Date "2025.06.10"]
[Round "4"]
[White "Lopez Del Alamo, Antonio"]
[Black "Biazliudau, Stanislau"]
[Result "1-0"]
[WhiteTitle "FM"]
[BlackTitle "CM"]
[WhiteElo "2166"]
[BlackElo "2150"]
[WhiteFideId "2227339"]
[BlackFideId "13508733"]
[EventDate "2025.06.10"]

1. e4 e6 2. d3 d5 3. Nd2 Nf6 4. Ngf3 c5 5. g3 Nc6 6. Bg2 Be7 7. O-O O-O 8. Re1
b6 9. e5 Nd7 10. Nf1 a5 11. h4 Qc7 12. Bf4 Ba6 13. a4 b5 14. c3 b4 15. N1h2 Rfb8
16. Bf1 Nf8 17. Ng5 Bxg5 18. hxg5 Ng6 19. Qh5 Ncxe5 20. d4 Nxf4 21. gxf4 Nd3 22.
Bxd3 Bxd3 23. Qh4 bxc3 24. bxc3 Bf5 25. Nf3 Rb3 26. Rac1 Rab8 27. Ne5 Ra3 28.
dxc5 Rxa4 29. c6 Rb2 30. Qg3 Raa2 31. Rf1 a4 32. Qe3 a3 33. Qc5 f6 34. Nd7 Kf7
35. gxf6 gxf6 36. Qf8+ Kg6 37. Qxf6+ Kh5 38. Qg5# 1-0

[Event "Titled Tue 10th Jun Early"]
[Site "chess.com INT"]
[Date "2025.06.10"]
[Round "4"]
[White "Jake Shanty"]
[Black "Garcia Gracia, Victor Hugo"]
[Result "1-0"]
[WhiteTitle "FM"]
[BlackTitle "CM"]
[WhiteElo "2252"]
[BlackElo "2206"]
[WhiteFideId "33478066"]
[BlackFideId "22295755"]
[EventDate "2025.06.10"]

1. Nf3 Nf6 2. b3 g6 3. Bb2 Bg7 4. c4 O-O 5. g3 d6 6. Bg2 e5 7. d3 Nc6 8. O-O Nh5
9. Nc3 f5 10. Nd2 f4 11. Nd5 Ne7 12. Nxe7+ Qxe7 13. Ne4 Bf5 14. e3 fxe3 15. fxe3
Qd7 16. Nf2 Nf6 17. Bxb7 Rab8 18. Bg2 Bh6 19. Qd2 Rf7 20. Bc3 Rbf8 21. Rae1 Be6
22. d4 exd4 23. Qxd4 Bg7 24. Qxa7 d5 25. cxd5 Bxd5 26. Rd1 Qe6 27. Bxf6 Bxg2 28.
Bxg7 Bxf1 29. Bxf8 Be2 30. Bh6 Qe8 31. Re1 Bb5 32. Qd4 Bc6 33. e4 Qe6 34. Qd8+
Be8 35. Rd1 1-0

[Event "Titled Tue 10th Jun Early"]
[Site "chess.com INT"]
[Date "2025.06.10"]
[Round "4"]
[White "Hury, Tymoteusz"]
[Black "Ferguson, Randal"]
[Result "1-0"]
[WhiteTitle "CM"]
[WhiteElo "2115"]
[BlackElo "2058"]
[WhiteFideId "21839328"]
[BlackFideId "30903106"]
[EventDate "2025.06.10"]

1. d4 Nf6 2. c4 g6 3. Nc3 d5 4. e3 Bg7 5. Nf3 O-O 6. Bd2 c5 7. Rc1 cxd4 8. exd4
Nc6 9. cxd5 Nxd5 10. Nxd5 Qxd5 11. Bc4 Qd6 12. d5 Ne5 13. Nxe5 Qxe5+ 14. Be3
Qxb2 15. O-O Bf5 16. g4 Bd7 17. Rb1 Qc3 18. Qb3 Bxg4 19. Qxc3 Bxc3 20. Rxb7 Rfc8
21. Bb3 a5 22. Rxe7 a4 23. Bd1 Bh3 24. Bf3 Bxf1 25. Kxf1 Rab8 26. d6 Bf6 27. Ra7 1-0

[Event "Titled Tue 10th Jun Early"]
[Site "chess.com INT"]
[Date "2025.06.10"]
[Round "4"]
[White "Mompel Ferruz, Xavier"]
[Black "Rustemov, Alexander"]
[Result "0-1"]
[WhiteTitle "FM"]
[BlackTitle "GM"]
[WhiteElo "2342"]
[BlackElo "2525"]
[WhiteFideId "54585775"]
[BlackFideId "4119002"]
[EventDate "2025.06.10"]

1. e4 e6 2. d4 d5 3. Nc3 dxe4 4. Nxe4 Bd7 5. Nf3 Bc6 6. Bd3 Nd7 7. O-O Ngf6 8.
Nxf6+ Qxf6 9. Be2 Bd6 10. c4 Be4 11. Ng5 Bf5 12. Bg4 O-O 13. Bxf5 Qxf5 14. Qf3
Qxf3 15. Nxf3 c6 16. Bd2 a5 17. Bc3 f6 18. Rfe1 Kf7 19. Rad1 Rfe8 20. Kf1 b5 21.
b3 a4 22. c5 Bc7 23. b4 Nf8 24. a3 Ng6 25. g3 Ne7 26. Re2 Nd5 27. Bb2 Rad8 28.
Rde1 Re7 29. Nh4 g6 30. f4 Rde8 31. Nf3 h6 32. Kf2 g5 33. fxg5 hxg5 34. h3 Rh8
35. Kg2 Rg8 36. Nh2 f5 37. Rf1 Ke8 38. Bc1 Kd7 39. Kf3 Rh7 40. Kg2 Rgh8 41. Bxg5
Rxh3 42. Nf3 Rxg3+ 43. Kf2 Rhh3 44. Rfe1 Rxf3+ 45. Kg1 Rfg3+ 46. Kf1 Rh1+ 0-1

[Event "Titled Tue 10th Jun Early"]
[Site "chess.com INT"]
[Date "2025.06.10"]
[Round "4"]
[White "Gubatayev, Ahmet"]
[Black "Tiitta, Sauli"]
[Result "1-0"]
[WhiteTitle "CM"]
[WhiteElo "2191"]
[BlackElo "2157"]
[WhiteFideId "14004526"]
[BlackFideId "502251"]
[EventDate "2025.06.10"]

1. Nf3 h6 2. e4 d6 3. d4 g5 4. h3 Bg7 5. Bc4 Nc6 6. Nc3 e5 7. Bb5 exd4 8. Nxd4
Bd7 9. Nf5 Bxc3+ 10. bxc3 Qf6 11. O-O Nge7 12. Ng3 Qxc3 13. Rb1 Qc5 14. Bb2 Ne5
15. Bd4 Qxb5 16. Rxb5 Bxb5 17. Bxe5 dxe5 18. Re1 Rd8 19. Qb1 Bc6 20. Qb2 Ng6 21.
Nf5 f6 22. Qb3 Nf8 23. Qb4 Rh7 24. Qc4 Rdd7 25. Qg8 h5 26. Kh2 a5 27. h4 gxh4
28. Re3 a4 29. Rd3 Rxd3 30. cxd3 1-0

[Event "Titled Tue 10th Jun Early"]
[Site "chess.com INT"]
[Date "2025.06.10"]
[Round "4"]
[White "Chaulagain, Purusottam"]
[Black "Bacus, Dharim"]
[Result "1-0"]
[WhiteTitle "CM"]
[BlackTitle "FM"]
[WhiteElo "1952"]
[BlackElo "2131"]
[WhiteFideId "12300730"]
[BlackFideId "5201527"]
[EventDate "2025.06.10"]

1. d4 d5 2. Nc3 Nf6 3. Bf4 a6 4. e3 Bf5 5. f3 e6 6. g4 Bg6 7. h4 h5 8. g5 Ng8 9.
Bd3 Ne7 10. Nge2 c5 11. Be5 Nbc6 12. Bxg6 Nxg6 13. Bg3 cxd4 14. exd4 Bd6 15. Qd2
Bxg3+ 16. Nxg3 Qd6 17. Nge2 Nge7 18. O-O-O g6 19. Nf4 Nf5 20. Nce2 O-O 21. Kb1
b5 22. Rdg1 b4 23. Nxh5 gxh5 24. g6 f6 25. Nf4 Ncxd4 26. Rh3 Rac8 27. Nxh5 Rxc2
28. Qd3 Qe5 29. g7 Rf7 30. Qxa6 Rf2 31. Qa8+ 1-0

[Event "Titled Tue 10th Jun Early"]
[Site "chess.com INT"]
[Date "2025.06.10"]
[Round "4"]
[White "Castillo Pena, Patricia Evarista"]
[Black "Piesik, Piotr"]
[Result "0-1"]
[WhiteTitle "WFM"]
[BlackTitle "IM"]
[WhiteElo "1909"]
[BlackElo "2436"]
[WhiteFideId "6412106"]
[BlackFideId "1136194"]
[EventDate "2025.06.10"]

1. d4 c5 2. e3 Nf6 3. Nf3 e6 4. Bd3 b6 5. b3 Bb7 6. Nbd2 Be7 7. Bb2 O-O 8. O-O
d5 9. Qe2 Ne4 10. c4 Nd7 11. Rfd1 Ndf6 12. dxc5 Nxc5 13. Bc2 Rc8 14. Rac1 a5 15.
Nd4 Qc7 16. Nb5 Qb8 17. Bb1 Rfd8 18. Qf3 dxc4 19. Qh3 Nd3 20. Bxf6 Bxf6 21. Rxc4
g6 22. Nd4 Nb2 23. Rxc8 Qxc8 24. Re1 Qc3 25. N2f3 Bxd4 0-1

[Event "Titled Tue 10th Jun Early"]
[Site "chess.com INT"]
[Date "2025.06.10"]
[Round "4"]
[White "Kosteniuk, Alexandra"]
[Black "Mottola, Max"]
[Result "1-0"]
[WhiteTitle "GM"]
[WhiteElo "2474"]
[BlackElo "2247"]
[WhiteFideId "4128125"]
[BlackFideId "30985862"]
[EventDate "2025.06.10"]

1. e4 d5 2. exd5 Qxd5 3. Nc3 Qa5 4. d4 Nf6 5. Nf3 Bf5 6. Ne5 c6 7. Bc4 e6 8. Bd2
Qc7 9. g4 Bg6 10. Qe2 Nbd7 11. f4 O-O-O 12. O-O-O Bb4 13. Bb3 Nd5 14. f5 Bxc3
15. bxc3 exf5 16. Nxg6 hxg6 17. gxf5 gxf5 18. c4 N5f6 19. Qf3 g6 20. Bf4 Qa5 21.
Kb2 Ne4 22. c5 Rh7 23. h4 Rdh8 24. h5 Ndf6 25. hxg6 fxg6 26. Rxh7 Rxh7 27. Be5
Ng4 28. Be6+ Kd8 29. Qb3 1-0

[Event "Titled Tue 10th Jun Early"]
[Site "chess.com INT"]
[Date "2025.06.10"]
[Round "4"]
[White "Birkisson, Bjorn Holm"]
[Black "Iljin, Timofey"]
[Result "0-1"]
[WhiteTitle "CM"]
[BlackTitle "IM"]
[WhiteElo "2128"]
[BlackElo "2242"]
[WhiteFideId "2310600"]
[BlackFideId "14110180"]
[EventDate "2025.06.10"]

1. e4 e6 2. d4 d5 3. exd5 exd5 4. Nf3 c5 5. Bb5+ Nc6 6. O-O Bd6 7. dxc5 Bxc5 8.
Re1+ Ne7 9. Be3 Bd6 10. Nc3 O-O 11. h3 h6 12. Qd2 a6 13. Bf1 Bc7 14. Rad1 Be6
15. g3 Qd7 16. Kh2 Rad8 17. Bg2 Nf5 18. Bf4 Bb6 19. Ne5 Nxe5 20. Bxe5 d4 21. Ne4
Rfe8 22. Qf4 Bd5 23. Nc3 Bxg2 24. Kxg2 Qc6+ 25. Ne4 f6 26. Qxf5 Rxe5 27. Qf3
Qxc2 28. Rd2 Qc6 29. Kg1 Rde8 30. Rde2 Ba5 31. Nxf6+ Qxf6 32. Qb3+ Kh8 33. Rxe5
Rxe5 34. Rxe5 Qxe5 35. Qxb7 d3 36. Qxa6 d2 37. Qc8+ Kh7 38. Qc2+ g6 39. Qd3 Qe1+
40. Kg2 d1=Q 41. Qa6 Qe4+ 42. Kh2 Qdh1# 0-1

[Event "Titled Tue 10th Jun Early"]
[Site "chess.com INT"]
[Date "2025.06.10"]
[Round "4"]
[White "Gkavardinas, Antonios"]
[Black "Wyss, Jonas"]
[Result "1-0"]
[WhiteTitle "FM"]
[BlackTitle "FM"]
[WhiteElo "2278"]
[BlackElo "2278"]
[WhiteFideId "25883097"]
[BlackFideId "1311387"]
[EventDate "2025.06.10"]

1. b3 d5 2. Bb2 c5 3. g3 Nf6 4. Bg2 g6 5. f4 Bg7 6. Nf3 O-O 7. O-O Nc6 8. Qe1 d4
9. e3 dxe3 10. dxe3 Bf5 11. Na3 Be4 12. Rd1 Qc8 13. c4 Rd8 14. Nb5 Bd3 15. Rf2
Ne4 16. Bxg7 Nxf2 17. Kxf2 Kxg7 18. Qc3+ f6 19. Rxd3 Nb4 20. Rxd8 Qxd8 21. a3 a6
22. axb4 axb5 23. Qd2 bxc4 24. bxc4 cxb4 25. Qxd8 Rxd8 26. Nd4 b6 27. Ne6+ Kg8
28. Nxd8 f5 29. Ke2 1-0

[Event "Titled Tue 10th Jun Early"]
[Site "chess.com INT"]
[Date "2025.06.10"]
[Round "4"]
[White "Atanasov, Anthony"]
[Black "Rojas Salas, Steven"]
[Result "1-0"]
[WhiteTitle "IM"]
[BlackTitle "IM"]
[WhiteElo "2417"]
[BlackElo "2354"]
[WhiteFideId "2623897"]
[BlackFideId "3819434"]
[EventDate "2025.06.10"]

1. d4 d5 2. Bf4 Nc6 3. Nf3 f6 4. h3 Bf5 5. e3 g5 6. Bg3 e6 7. Bd3 Nge7 8. Nc3 h5
9. Qe2 h4 10. Bh2 Bg7 11. e4 dxe4 12. Nxe4 Nxd4 13. Nxd4 Qxd4 14. O-O-O Qb6 15.
Bb5+ Kf7 16. Rd7 Bxe4 17. Bxc7 Qc5 18. Bd6 Qf5 19. Rxe7+ Kg6 20. f3 Bxc2 21.
Qxc2 Rhc8 22. Bc7 Qxc2+ 23. Kxc2 Bf8 24. Rd7 Bc5 25. Re1 Bb6 26. Bd3+ Kh5 27.
g4+ hxg3 28. Rh7# 1-0

[Event "Titled Tue 10th Jun Early"]
[Site "chess.com INT"]
[Date "2025.06.10"]
[Round "4"]
[White "Golsta, Madara"]
[Black "Rabin, Evan"]
[Result "0-1"]
[WhiteElo "2008"]
[BlackElo "1945"]
[WhiteFideId "11607386"]
[BlackFideId "2028670"]
[EventDate "2025.06.10"]

1. e4 Nf6 2. e5 Nd5 3. d4 d6 4. c4 Nb6 5. exd6 cxd6 6. Nc3 g6 7. Be3 Bg7 8. Rc1
O-O 9. b3 e5 10. dxe5 dxe5 11. Qxd8 Rxd8 12. Nf3 Nc6 13. Be2 Bg4 14. h3 Bxf3 15.
Bxf3 f5 16. O-O e4 17. Be2 Nd4 18. Rfd1 Nxe2+ 19. Nxe2 Kf7 20. Bxb6 axb6 21. a4
Bh6 22. Rxd8 Rxd8 23. Rc2 Rd1+ 24. Kh2 Bg7 25. b4 Be5+ 26. g3 Ra1 27. c5 Rxa4
28. cxb6 Rxb4 29. Rc5 Ke6 30. Rc8 Rxb6 31. Re8+ Kf6 32. Kg2 Rb2 33. Kf1 b5 34.
Rh8 Kg7 35. Re8 Bf6 36. Nf4 Kf7 37. Rb8 Bd4 38. Rb7+ Kf6 39. Rxh7 Rxf2+ 40. Ke1
Rf3 41. Rd7 Bf2+ 42. Ke2 Bxg3 43. Nd5+ Ke5 0-1

[Event "Titled Tue 10th Jun Early"]
[Site "chess.com INT"]
[Date "2025.06.10"]
[Round "4"]
[White "Paduano, Claudio"]
[Black "Garrido, Denis"]
[Result "0-1"]
[WhiteTitle "FM"]
[BlackTitle "FM"]
[WhiteElo "2249"]
[BlackElo "2230"]
[WhiteFideId "2806393"]
[BlackFideId "601217"]
[EventDate "2025.06.10"]

1. d4 Nf6 2. c4 g6 3. Nc3 Bg7 4. e4 d6 5. Nf3 Bg4 6. Be2 Bxf3 7. Bxf3 e5 8. d5
h5 9. Bg5 Bh6 10. Bxh6 Rxh6 11. Qd2 Rh8 12. O-O Nbd7 13. b4 Kf8 14. Qe3 a5 15.
a3 b6 16. Rfc1 Kg7 17. Na4 axb4 18. axb4 Ng4 19. Bxg4 hxg4 20. c5 bxc5 21. bxc5
Qh4 22. Qg3 Qh6 23. c6 Nf6 24. Nc3 Ra3 25. Re1 Nxe4 26. Qxg4 Qxh2+ 27. Kf1 Rxa1
28. Rxa1 Qh1+ 29. Ke2 Nxc3+ 0-1